000 00483nam a2200181Ia 4500
005 20250508160124.0
008 008 250505s9999 xx 000 0 eng d
037 _aTextual
040 _aFEDL
_beng
_cFEDL
041 _aeng
_2eng
084 _a370.9549, PAK
_qFEDL
245 0 _aReport of the commission on national education
245 0 _cPakistan
300 _aii,370p.
650 _aEducation
942 _cTEXL
_h370.9549, PAK
999 _c1361898
_d1361898